Countries with the Most Christians - Statistics

General Stats
  • This quiz has been taken 58 times
  • The average score is 12 of 20
Answer Stats
Hint Country % Correct
106.2M Mexico
100%
229.2M United States
98%
169.2M Brazil
96%
114.2M Russia
94%
80.5M Nigeria
87%
78.8M Philippines
87%
100.0% Vatican City
87%
97.0% San Marino
79%
55.8M Italy
77%
67.1M China
66%
63.2M Democratic Republic of the Congo
66%
51.5M Ethiopia
57%
98.1% Malta
53%
98.0% Greece
36%
98.0% Venezuela
34%
99.9% Romania
32%
99.6% East Timor
26%
99.9% Samoa
26%
97.2% Tonga
26%
97.2% Marshall Islands
23%
No matching quizzes found
Score Distribution
Percent of People with Each Score
Percentile by Number Answered
Your Score History
You have not taken this quiz